| 000 | 01349nam a22004337a 4500 | ||
|---|---|---|---|
| 005 | 20230601193017.0 | ||
| 008 | 181203b2017 xxu||||| |||| 00| 0 spa d | ||
| 020 | _a9786076229033 | ||
| 041 | _aESP | ||
| 082 | _a004.1 P419c | ||
| 100 |
_aPeña Pérez, Rosario _978754 |
||
| 100 |
_aBujalance García, Susana _978755 |
||
| 245 | _aCurso práctico de introducción a la informática por competencias | ||
| 260 | _aMéxico | ||
| 260 | _bAlfaomega | ||
| 260 | _c2017 | ||
| 300 | _a417 páginas | ||
| 650 |
_aINFORMÁTICA _978756 |
||
| 650 |
_aCOMPUTADORAS _978757 |
||
| 650 |
_aMUNDO DIGITAL _978758 |
||
| 650 |
_aNAVEGACIÓN _978759 |
||
| 650 |
_aBUSCADORES _978760 |
||
| 650 |
_aTECNOLOGÍA DIGITAL _978761 |
||
| 650 |
_aSISTEMA OPERATIVO _978762 |
||
| 650 |
_aCOMPONENTES DEL ORDENADOR _978763 |
||
| 650 |
_aCONFIGURACIÓN BÁSICA _978764 |
||
| 650 |
_aALMACENAMIENTO _978765 |
||
| 650 |
_aSEGURIDAD _978766 |
||
| 650 |
_aINFORMÁTICA ESCRITA _978767 |
||
| 650 |
_aFUNCIONES BÁSICAS _978768 |
||
| 650 |
_aTRABAJO EN DOCUMENTOS _978769 |
||
| 650 |
_aIMPRESIÓN DE DOCUMENTOS _978770 |
||
| 650 |
_aINFORMACIÓN GRÁFICA _978771 |
||
| 650 |
_aCAPTACIÓN DE IMÁGENES _978772 |
||
| 650 |
_aARCHIVOS DE VIDEO _978773 |
||
| 650 |
_aINFORMACIÓN NUMÉRICO _978774 |
||
| 650 |
_aHOJAS DE CÁLCULO _978775 |
||
| 942 | _cBK | ||
| 999 |
_c11404 _d11404 |
||